Conferencia del Padre Ferrer Pi
Publicado:
San Jorge, núm. 78 (2n trimestre 1970), pàg 125 :
MARC
| LEADER | 00000nam a2200000Ia 4500 | ||
|---|---|---|---|
| 001 | |||
| 008 | 160829s9999 xx 000 0 cat d | ||
| 245 | |a Conferencia del Padre Ferrer Pi | ||
| 260 | |a San Jorge, núm. 78 (2n trimestre 1970), pàg 125 | ||
| 590 | |a Títol de la conferència: El Instituto Químico de Sarrià: visión presente y futura | ||
| 650 | |a Ferrer Pi, Pedro |9 40544 | ||
| 650 | |a Conferència |9 40545 | ||
| 650 | |a Institut Químic de Sarrià |9 20364 | ||
| 901 | |a Arxiu | ||
| 942 | |n 1 | ||
| 952 | |0 0 |1 0 |4 0 |7 1 |9 49776 |a Arxiu |b Arxiu |d 2016-12-01 |l 0 |r 2016-12-01 00:00:00 |w 2016-12-01 |y ARXIU | ||
| 999 | |c 53618 |d 53618 | ||